Paroles - The Emptiness Machine (Linkin Park) - Statistiques

Statistiques générales
  • Ce quiz a été pris 28 fois
  • Le résultat moyen est 132 sur 174
Statistiques - réponses
Réponse % Correct
a
100%
emptiness
94%
I
94%
in
94%
machine
94%
me
94%
of
94%
the
94%
The
94%
you
94%
be
89%
bleed
89%
Just
89%
just
89%
know
89%
watch
89%
what
89%
cut
83%
do
83%
Don't
83%
Falling
83%
for
83%
let
83%
like
83%
to
83%
Your
83%
your
83%
promise
78%
skin
78%
wanted
78%
who
78%
Already
72%
how
72%
it
72%
my
72%
on
72%
open
72%
precision
72%
revolver
72%
with
72%
always
67%
are
67%
point
67%
under
67%
am
61%
And
61%
around
61%
blades
61%
distance
61%
favorite
61%
Gave
61%
It's
61%
So
61%
up
61%
view
61%
Going
56%
part
56%
Part
56%
why
56%
been
50%
I'm
50%
only
50%
sharpened
50%
something
50%
decided
44%
exactly
44%
keep
44%
lose
44%
lying
44%
waiting
44%
we
44%
won't
44%
you're
44%
'Cause
39%
ends
39%
fire
39%
fucking
39%
hoping
39%
pulling
39%
there's
39%
Flashing
33%
altar
28%
naive
22%
receive
22%
Aucun quiz correspondant
Distribution des résultats
% des personnes avec chaque résultat
Percentile par nombre de réponses
Votre historique - résultats
Vous n’avez pas pris ce quiz